| 000 | 00911nam a2200205Ia 4500 | ||
|---|---|---|---|
| 999 |
_c37849 _d37849 |
||
| 001 | 3827 | ||
| 003 | GE_BSU | ||
| 005 | 20190816165156.0 | ||
| 008 | 181216s1973||||ge |||||||||||||| ||geo|| | ||
| 040 | _cGE_BSU | ||
| 041 | _ageo | ||
| 080 | _a1+1:5 ც–66 | ||
| 100 |
_aცინცაძე, გენო _93424 |
||
| 245 |
_aფილოსოფიისა და კერძო მეცნიერებათა ურთიერთობის შესახებ / _cსაქ. სსრ. მეცნ. აკად. ფილოსოფიის ინ–ტი. |
||
| 264 |
_aთბ. : _bმეცნიერება, _c1973. |
||
| 300 |
_a82 გვ. _b21 სმ. |
||
| 653 | _aფილოსოფიის ურთიერთობა კერძო მეცნიერებებთანი | ||
| 710 |
_aფილოსოფიის ინ-ტი _93665 |
||
| 942 |
_cBK _2udc |
||